|
|
|
|
| LEADER |
01129nab a2200277 i 4500 |
| 001 |
publ24267 |
| 005 |
20221201104657.0 |
| 008 |
220502s2022 hu o 0|| Angol d |
| 022 |
|
|
|a 2498-8707
|
| 024 |
7 |
|
|a 10.1556/2051.2022.00092
|2 doi
|
| 024 |
7 |
|
|a 32792324
|2 mtmt
|
| 040 |
|
|
|a SZTE Publicatio Repozitórium
|b hun
|
| 041 |
|
|
|a Angol
|
| 100 |
1 |
|
|a Kozma Gábor
|
| 245 |
1 |
0 |
|a Microscopic and structural study on the formation of mechanochemical synthesized BaTiO3 and ZnTiO3 perovskites
|h [elektronikus dokumentum] /
|c Kozma Gábor
|
| 260 |
|
|
|c 2022
|
| 300 |
|
|
|a 20-24
|
| 490 |
0 |
|
|a RESOLUTION AND DISCOVERY
|v 6 No. 1
|
| 650 |
|
4 |
|a Kémiai tudományok
|
| 700 |
0 |
1 |
|a Berkesi Dániel
|e aut
|
| 700 |
0 |
1 |
|a Lipták Katalin
|e aut
|
| 700 |
0 |
1 |
|a Rónavári Andrea
|e aut
|
| 700 |
0 |
1 |
|a Kukovecz Ákos
|e aut
|
| 700 |
0 |
1 |
|a Kónya Zoltán
|e aut
|
| 856 |
4 |
0 |
|u http://publicatio.bibl.u-szeged.hu/24267/3/32792324.pdf
|z Dokumentum-elérés
|
| 856 |
4 |
0 |
|u http://publicatio.bibl.u-szeged.hu/24267/1/24988707-ResolutionandDiscoveryMicroscopicandstructuralstudyontheformationofmechanochemicalsynthesizedBaTiO3andZnTiO3perovskites.pdf
|z Dokumentum-elérés
|